00465nam a2200181Ia 4500008004100000020001800041050001400059100002100073245003600094245005900130260001500189260001600204260000900220300001400229300002200243300001000265500000800275170918s9999 xx 000 0 und d a9780590439456 bN417 1989 aNeitzel, Shirley 4aThe jacket I wear in the snow / cby Shirley Neitzel ; pictures by Nancy Winslow Parker. aNew York : bScholastic, c1989 aunpaged : bchiefly colored ; c22cm. a400